La (relativa) constitucionalidad de los derechos de autor en Espaą

Detalles Bibliográficos
Autor principal: Portero Lameiro, Jos ̌Domingo
Formato: eBook
Lenguaje:español
Publicado: Madrid: Dykinson, 2016
Materias:
Acceso en línea:Acceso restringido

MARC

LEADER 00000nam a22000007a 4500
005 20170829004919.0
007 cr|||| ||||
008 170829s2016 es |||||s|||| 00||0 spa d
020 |a 978-84-9085-841-7 
035 |a 20464 
040 |a vLex 
090 |c 6866  |d 6866 
100 1 |a Portero Lameiro, Jos ̌Domingo 
245 1 2 |a La (relativa) constitucionalidad de los derechos de autor en Espaą  |h [Recurso electrn̤ico] /  |c Jos ̌Domingo Portero Lameiro 
256 |a Servicio en ln̕ea 
260 |a Madrid:  |b Dykinson,  |c 2016 
300 |a 1 recurso electrn̤ico 
506 1 |a Disponible solo en los productos indicados  |d vLex Global  |d vLex Global (Academic Edition, excluding Law Schools)  |d vLex Global (U.S. Academic Edition, Law Schools)  |d vLex Global (U.S. Academic Edition, excluding Law Schools)  |d vLex Global (Academic Edition, Law Schools) 
650 0 4 |a Derecho Constitucional  |z Espaą 
650 0 4 |a Propiedad Intelectual  |z Espaą 
740 0 |a vLex Libros (Servicio en ln̕ea) 
856 4 0 |u http://vlex.com/source/relativa-constitucionalidad-derechos-autor-espa-a-20464  |z Acceso restringido 
942 |c BOOK 
999 0 |a Constitutional Law 
999 0 |a Intellectual Property